Trabajo, crisis global y salud (Registro nro. 122357)

Detalles MARC
000 -CABECERA
campo de control de longitud fija 00658nam a2200253Ia 4500
001 - NÚMERO DE CONTROL
campo de control 122357
003 - IDENTIFICADOR DEL NÚMERO DE CONTROL
campo de control 212884
005 - FECHA Y HORA DE LA ÚLTIMA TRANSACCIÓN
campo de control 20260306172031.0
008 - DATOS DE LONGITUD FIJA--INFORMACIÓN GENERAL
campo de control de longitud fija ||||||n9999 ||| || ||
082 ## - NÚMERO DE LA CLASIFICACIÓN DECIMAL DEWEY
Número de clasificación 331.12
110 ## - ENTRADA PRINCIPAL--NOMBRE DE ENTIDAD CORPORATIVA
Nombre de entidad corporativa o nombre de jurisdicción como elemento de entrada Seminario internacional sobre trabajo, crisis global y salud
9 (RLIN) 146603
245 #0 - MENCIÓN DE TÍTULO
Título Trabajo, crisis global y salud
Resto del título memorias
562 ## - NOTA DE IDENTIFICACIÓN DE LA COPIA Y VERSIÓN
Número de copias 1
526 ## - NOTA DE INFORMACIÓN SOBRE EL PROGRAMA DE ESTUDIO
Nombre del programa 4969 - ESPECIALIZACIÓN EN ADMINISTRACIÓN PÚBLICA CONTEMPORÁNEA - Presencial
526 ## - NOTA DE INFORMACIÓN SOBRE EL PROGRAMA DE ESTUDIO
Nombre del programa 51868 - ADMINISTRACIÓN PÚBLICA - Presencial
526 ## - NOTA DE INFORMACIÓN SOBRE EL PROGRAMA DE ESTUDIO
Nombre del programa 3899 - ESPECIALIZACIÓN EN GERENCIA HOSPITALARIA - A distancia
526 ## - NOTA DE INFORMACIÓN SOBRE EL PROGRAMA DE ESTUDIO
Nombre del programa 9683 - ESPECIALIZACIÓN EN ALTA GERENCIA DEL SISTEMA DE SEGURIDAD SOCIAL EN SALUD - A distancia
526 ## - NOTA DE INFORMACIÓN SOBRE EL PROGRAMA DE ESTUDIO
Nombre del programa 1697 - ADMINISTRACIÓN PÚBLICA TERRITORIAL - A distancia
650 #0 - PUNTO DE ACCESO ADICIONAL DE MATERIA--TÉRMINO DE MATERIA
Término de materia o nombre geográfico como elemento de entrada Personal de salud
9 (RLIN) 45130
650 #0 - PUNTO DE ACCESO ADICIONAL DE MATERIA--TÉRMINO DE MATERIA
Término de materia o nombre geográfico como elemento de entrada Salud pública
9 (RLIN) 3982
650 ## - PUNTO DE ACCESO ADICIONAL DE MATERIA--TÉRMINO DE MATERIA
Término de materia o nombre geográfico como elemento de entrada TRABAJADORES--MIGRACIONES
9 (RLIN) 85423
650 #0 - PUNTO DE ACCESO ADICIONAL DE MATERIA--TÉRMINO DE MATERIA
Término de materia o nombre geográfico como elemento de entrada Trabajo y trabajadores
9 (RLIN) 6288
942 ## - ELEMENTOS DE PUNTO DE ACCESO ADICIONAL (KOHA)
Tipo de ítem Koha Libro
Existencias
Estado de retiro Estado de pérdida Estado dañado No para préstamo Código de colección Localización permanente Ubicación/localización actual Coste, precio normal de compra Total de préstamos Signatura topográfica completa Código de barras Fecha visto por última vez Número de copia Tipo de ítem Koha
        General Bogotá - Sede Central Bogotá - Sede Central 0.00   331.12 S35t 117654 22/02/2026 1 Libro